Statistics for Solar System Quiz

Click here to take the quiz!

General Stats

  • This quiz has been taken 27 times
  • The average score is 6 of 10

Answer Stats

QuestionAnswer% Correct
What is the red planet of the solar system?Mars
100%
What type of planet is Eris?Dwarf
88%
How many "U"s are in the name of the seventh planet?2
76%
What shape is the north pole of Saturn?Hexagon
71%
What is the edge of the solar system called?Oort Cloud
71%
How many moons does Neptune have?14
59%
About how big is the diameter of the Sun?1,4 million kilometers / 870 thousand miles
53%
How smaller is Venus compared to Earth?600 kilometers / 370 miles
47%
When did Shoemaker-Levy hit Jupiter?1994
41%
What planet has the shortest day?Jupiter
41%

Score Distribution

Percentile by Number Answered

Percent of People with Each Score

Your Score History

You have not taken this quiz